000 00305nam a2200133 i 4500
001 bg
100 1 _aWALASZEK, Maciej
245 0 _aPodstawy elektroniki /
_cMaciej Walaszek.
260 _aRzeszów,
_c1974.
040 _cBPK
041 _apol
942 _cKS
008 s pl f |000 0 pol
999 _c26104
_d26104
856 _uhttp://koha.tu.koszalin.pl/cgi-bin/koha/opac-detail.pl?biblionumber=26104
_yKatalog online BPK